Largest Cities in Hungary - Statistics

General Stats
  • This quiz has been taken 71 times
  • The average score is 4 of 6
Answer Stats
Answer % Correct
Budapest
100%
Debrecen
86%
Pecs
72%
Szeged
66%
Gyor
64%
Miskolc
61%
No matching quizzes found
Score Distribution
Percent of People with Each Score
Percentile by Number Answered
Your Score History
You have not taken this quiz